000 01097cam a2200337 i 4500
999 _c200436316
_d54528
001 200436316
003 TR-AnTOB
005 20190904185331.0
007 ta
008 151002s2012 tu b 001|0 tur d
020 _a9786054639137
040 _aGAZIU
_beng
_erda
_cTR-AnTOB
_dTR-AnTOB
041 0 _atur
050 0 0 _aJZ1316
090 _aJZ1316
_b.Ö95 2012
100 1 _aÖzlük, Erdem
_eauthor
_9125620
245 1 0 _aUluslararası ilişkilerde devlet :
_btanım, teori ve devlet istisnacılığı /
_cDr. Erdem Özlük.
246 3 0 _aUluslararası ilişkilerde devlet
264 1 _aKonya :
_bÇizgi Kitabevi,
_c2012.
300 _avii, 180 pages ;
_c21 cm
336 _2rdacontent
_atext
_btxt
337 _2rdamedia
_aunmediated
_bn
338 _2rdacarrier
_avolume
_bnc
490 0 _aÇizgi Kitabevi Yayınları ;
_v380
504 _aIncludes bibliographical references (pages 141-180).
590 _aDonated by Birgül Demirtaş.
650 7 _aDevlet
_2etuturkob
_925617
650 7 _aUluslararası ilişkiler
_2etuturkob
_922141
942 _2lcc
_cBK